Learning Resource and Development

Cock ; & Bull / (Record no. 23085)

MARC details
000 -LEADER
fixed length control field 01380cam a2200445Ia 4500
001 - CONTROL NUMBER
control field cockbull00self
003 - CONTROL NUMBER IDENTIFIER
control field CaSfIA
005 - DATE AND TIME OF LATEST TRANSACTION
control field 20230525155152.0
007 - PHYSICAL DESCRIPTION FIXED FIELD--GENERAL INFORMATION
fixed length control field cr||||
008 - FIXED-LENGTH DATA ELEMENTS--GENERAL INFORMATION
fixed length control field 921217s1992 enk 000 1 eng d
040 ## - CATALOGING SOURCE
Original cataloging agency OUN
Transcribing agency OUN
Modifying agency UKM
-- GZM
-- OCL
-- OCLCQ
-- YDXCP
-- HLS
-- CaSfIA
015 ## - NATIONAL BIBLIOGRAPHY NUMBER
National bibliography number GB9339431
Source bnb
016 7# - NATIONAL BIBLIOGRAPHIC AGENCY CONTROL NUMBER
Record control number 010088902
Source Uk
020 ## - INTERNATIONAL STANDARD BOOK NUMBER
International Standard Book Number 0747512744
020 ## - INTERNATIONAL STANDARD BOOK NUMBER
International Standard Book Number 9780747512745
020 ## - INTERNATIONAL STANDARD BOOK NUMBER
International Standard Book Number 0747582343 (pbk.)
020 ## - INTERNATIONAL STANDARD BOOK NUMBER
International Standard Book Number 9780747582342 (pbk.)
035 ## - SYSTEM CONTROL NUMBER
System control number (OCoLC)27136296
050 #4 - LIBRARY OF CONGRESS CALL NUMBER
Classification number PR6069.E3654
Item number C6 1992x
082 00 - DEWEY DECIMAL CLASSIFICATION NUMBER
Classification number 823.914
-- F
Edition number 20
082 14 - DEWEY DECIMAL CLASSIFICATION NUMBER
Classification number Fic
Edition number 20
029 1# - OTHER SYSTEM CONTROL NUMBER (OCLC)
OCLC library identifier UKM
System control number b9339431
029 1# - OTHER SYSTEM CONTROL NUMBER (OCLC)
OCLC library identifier NLGGC
System control number 096847735
029 1# - OTHER SYSTEM CONTROL NUMBER (OCLC)
OCLC library identifier NZ1
System control number 1186017
029 1# - OTHER SYSTEM CONTROL NUMBER (OCLC)
OCLC library identifier AU@
System control number 000009206151
029 1# - OTHER SYSTEM CONTROL NUMBER (OCLC)
OCLC library identifier AU@
System control number 000040439787
100 1# - MAIN ENTRY--PERSONAL NAME
Personal name Self, Will.
240 10 - UNIFORM TITLE
Uniform title Cock
245 10 - TITLE STATEMENT
Title Cock ; & Bull /
Medium [electronic resource]
Statement of responsibility, etc. Will Self.
260 ## - PUBLICATION, DISTRIBUTION, ETC.
Place of publication, distribution, etc. London :
Name of publisher, distributor, etc. Bloomsbury,
Date of publication, distribution, etc. 1992.
300 ## - PHYSICAL DESCRIPTION
Extent 310 p. ;
Dimensions 20 cm.
500 ## - GENERAL NOTE
General note A novellette and a farce.
653 0# - INDEX TERM--UNCONTROLLED
Uncontrolled term English fiction
650 #0 - SUBJECT ADDED ENTRY--TOPICAL TERM
Topical term or geographic name entry element Sexual attraction
Form subdivision Fiction.
650 #0 - SUBJECT ADDED ENTRY--TOPICAL TERM
Topical term or geographic name entry element Gender identity
Form subdivision Fiction.
700 12 - ADDED ENTRY--PERSONAL NAME
Personal name Self, Will.
Title of a work Bull.
740 01 - ADDED ENTRY--UNCONTROLLED RELATED/ANALYTICAL TITLE
Uncontrolled related/analytical title Cock ; and Bull.
856 41 - ELECTRONIC LOCATION AND ACCESS
Uniform Resource Identifier <a href="http://www.archive.org/details/cockbull00self">http://www.archive.org/details/cockbull00self</a>
Public note Free eBook from the Internet Archive
856 42 - ELECTRONIC LOCATION AND ACCESS
Uniform Resource Identifier <a href="http://www.openlibrary.org/books/OL24203617M">http://www.openlibrary.org/books/OL24203617M</a>
Public note Additional information and access via Open Library
Holdings
Withdrawn status Lost status Damaged status Not for loan Collection Home library Current library Date acquired Total Checkouts Date last seen Price effective from Koha item type
        Project Gutenberg Main Library Main Library 05/25/2023   05/25/2023 05/25/2023 EBooks